000 00301nam a22001337a 4500
008 181016b xxu||||| |||| 00| 0 eng d
020 _a9780534167585
041 _aeng
080 _23 ED
_a159.9
100 _a50
101 _aPSI
245 _aExperimental Psychology
_cMyers.A
942 _2udc
_cBK
999 _c49940
_d49940